| 000 | 00749cam a22002291 4500 | ||
|---|---|---|---|
| 001 | ca 36000103 | ||
| 003 | DLC | ||
| 005 | 20260227111139.0 | ||
| 008 | 881205s1936 mau 000 0 eng | ||
| 010 | _aca 36000103 | ||
| 035 | _a(OCoLC)18840883 | ||
| 040 |
_aDLC _cRPB _dDLC |
||
| 042 | _apremarc | ||
| 050 | 0 | 0 |
_aPN6120.A5 _bC438 |
| 082 | _a812.5 | ||
| 100 | 1 | _aClement, Matilda. | |
| 245 | 1 | 4 |
_aThe taming of Sue; _ba comedy in one act; introducing scenes from "The taming of the shrew", _cby Matilda Clement ... |
| 260 |
_aBoston, Mass., _aLos Angeles, Cal. _b[Walter H. Baker Company, _cc1936] |
||
| 300 |
_a32 p. _c19 cm. |
||
| 490 | 0 | _aBaker's plays for amateurs | |
| 500 | _a"Prize winner of the drama day for New England high schools." | ||
| 999 |
_c17984 _d17984 |
||